<?xml version="1.0" encoding="UTF-8"?>
<record
    xmlns:xsi="http://www.w3.org/2001/XMLSchema-instance"
    xsi:schemaLocation="http://www.loc.gov/MARC21/slim http://www.loc.gov/standards/marcxml/schema/MARC21slim.xsd"
    xmlns="http://www.loc.gov/MARC21/slim">

  <leader>01829nam a2200325 i 4500</leader>
  <controlfield tag="003">DO-SdBNP</controlfield>
  <controlfield tag="005">20241030103828.0</controlfield>
  <controlfield tag="007">ta</controlfield>
  <controlfield tag="008">210415e2020    dr abc|fr|||| 001 0dspa d</controlfield>
  <datafield tag="020" ind1=" " ind2=" ">
    <subfield code="a">9789945926217</subfield>
  </datafield>
  <datafield tag="040" ind1=" " ind2=" ">
    <subfield code="a">DO-SdBNP</subfield>
    <subfield code="b">spa</subfield>
    <subfield code="c">BNPHU</subfield>
    <subfield code="e">rda</subfield>
  </datafield>
  <datafield tag="041" ind1=" " ind2=" ">
    <subfield code="h">spa</subfield>
  </datafield>
  <datafield tag="082" ind1=" " ind2=" ">
    <subfield code="a">572.39</subfield>
    <subfield code="b">M863c</subfield>
    <subfield code="2">22</subfield>
  </datafield>
  <datafield tag="100" ind1="1" ind2=" ">
    <subfield code="a">Morla B&#xE1;ez , Elbi</subfield>
    <subfield code="9">26834</subfield>
  </datafield>
  <datafield tag="245" ind1="1" ind2="0">
    <subfield code="a">Crecimiento y desarrollo :</subfield>
    <subfield code="b">desde la concepci&#xF3;n hasta la adolescencia /</subfield>
    <subfield code="c">Elbi Morla B&#xE1;ez ; pr&#xF3;logo Haide&#xE9; Rond&#xF3;n </subfield>
  </datafield>
  <datafield tag="264" ind1=" " ind2=" ">
    <subfield code="a">Santo Domingo :</subfield>
    <subfield code="b">Instituto Tecnol&#xF3;gico de Santo Domingo (INTEC),</subfield>
    <subfield code="c">2020.</subfield>
  </datafield>
  <datafield tag="300" ind1=" " ind2=" ">
    <subfield code="a">vii , 133 p&#xE1;ginas ,</subfield>
    <subfield code="b">ilustraciones y  fotos ;</subfield>
    <subfield code="c">23 cm.</subfield>
  </datafield>
  <datafield tag="336" ind1=" " ind2=" ">
    <subfield code="2">rdacontent</subfield>
    <subfield code="a">texto</subfield>
    <subfield code="b">txt</subfield>
  </datafield>
  <datafield tag="337" ind1=" " ind2=" ">
    <subfield code="2">rdamedia</subfield>
    <subfield code="a">sin mediaci&#xF3;n</subfield>
    <subfield code="b">n</subfield>
  </datafield>
  <datafield tag="338" ind1=" " ind2=" ">
    <subfield code="2">rdacarrier</subfield>
    <subfield code="a">volumen</subfield>
    <subfield code="b">nc</subfield>
  </datafield>
  <datafield tag="505" ind1="1" ind2=" ">
    <subfield code="a">Cap&#xED;tulo 1 :</subfield>
    <subfield code="u">Generalidades sobre crecimiento y desarrollo.-</subfield>
    <subfield code="g">Cap&#xED;tulo 2 --</subfield>
    <subfield code="t">Factores que influyen en el crecimiento y desarrollo--</subfield>
    <subfield code="g">Cap&#xED;tulo 3 --</subfield>
    <subfield code="t">La nutrici&#xF3;n en el crecimiento y desarrollo--</subfield>
    <subfield code="g">Cap&#xED;tulo 4--</subfield>
    <subfield code="t">Per&#xED;odos de crecimiento--</subfield>
    <subfield code="t">Cap&#xED;tulo 5--</subfield>
    <subfield code="t">Evaluaci&#xF3;n del crecimiento y desarrollo fetal</subfield>
    <subfield code="g">Cap&#xED;tulo 6--</subfield>
    <subfield code="t">Variables antropom&#xE9;trica de m&#xE1;s utilidad en pediatr&#xED;a--</subfield>
    <subfield code="g">Cap&#xED;tulo 7--</subfield>
    <subfield code="u">Variables antropom&#xE9;trica de m&#xE1;s utilidad en pediatr&#xED;a--</subfield>
    <subfield code="g">Cap&#xED;tulo 8--</subfield>
    <subfield code="t">Curvas de crecimiento--</subfield>
    <subfield code="g">Cap&#xED;tulo 9--</subfield>
    <subfield code="t">Desarrollo psicomotor--</subfield>
    <subfield code="g">Cap&#xED;tulo 10--</subfield>
    <subfield code="t">La maduraci&#xF3;n esquel&#xE9;tica o edad &#xF3;sea--</subfield>
    <subfield code="t">Desarrollo dental.-</subfield>
    <subfield code="g">Cap&#xED;tulo 11--</subfield>
    <subfield code="t">Desarrollo sexual--</subfield>
    <subfield code="g">Cap&#xED;tulo 12--</subfield>
    <subfield code="t">La adolescencia--</subfield>
    <subfield code="g">Cap&#xED;tulo 13--</subfield>
    <subfield code="t">Actividad de una cl&#xED;nica del crecimiento y desarrollo.</subfield>
  </datafield>
  <datafield tag="590" ind1=" " ind2=" ">
    <subfield code="a">Inventariado, 2023 / DG</subfield>
  </datafield>
  <datafield tag="650" ind1=" " ind2="4">
    <subfield code="a">Crecimiento</subfield>
    <subfield code="9">78391</subfield>
  </datafield>
  <datafield tag="650" ind1=" " ind2="0">
    <subfield code="a">Pediatr&#xED;a </subfield>
    <subfield code="9">19620</subfield>
  </datafield>
  <datafield tag="650" ind1=" " ind2="4">
    <subfield code="a">Ni&#xF1;os</subfield>
    <subfield code="x">Nutrici&#xF3;n</subfield>
    <subfield code="9">78392</subfield>
  </datafield>
  <datafield tag="650" ind1=" " ind2="4">
    <subfield code="a">Seguridad alimentaria</subfield>
    <subfield code="9">78393</subfield>
  </datafield>
  <datafield tag="700" ind1="1" ind2=" ">
    <subfield code="a">Rond&#xF3;n, Haide&#xE9;,</subfield>
    <subfield code="e"> pr&#xF3;logo</subfield>
    <subfield code="9">78394</subfield>
  </datafield>
  <datafield tag="910" ind1=" " ind2=" ">
    <subfield code="a">DG</subfield>
  </datafield>
  <datafield tag="942" ind1=" " ind2=" ">
    <subfield code="2">ddc</subfield>
    <subfield code="c">LBS1</subfield>
  </datafield>
  <datafield tag="952" ind1=" " ind2=" ">
    <subfield code="0">0</subfield>
    <subfield code="1">0</subfield>
    <subfield code="2">ddc</subfield>
    <subfield code="5">1</subfield>
    <subfield code="7">0</subfield>
    <subfield code="8">PD</subfield>
    <subfield code="a">BNPHU</subfield>
    <subfield code="b">BNPHU</subfield>
    <subfield code="c">CT</subfield>
    <subfield code="d">2021-03-26</subfield>
    <subfield code="e">Dep&#xF3;sito Legal</subfield>
    <subfield code="o">BNPHU PD 572.39 M863c</subfield>
    <subfield code="p">2021-1428</subfield>
    <subfield code="r">2021-04-15</subfield>
    <subfield code="w">2021-04-15</subfield>
    <subfield code="y">LBS1</subfield>
  </datafield>
  <datafield tag="952" ind1=" " ind2=" ">
    <subfield code="0">0</subfield>
    <subfield code="1">0</subfield>
    <subfield code="2">ddc</subfield>
    <subfield code="5">1</subfield>
    <subfield code="7">0</subfield>
    <subfield code="8">PD</subfield>
    <subfield code="a">BNPHU</subfield>
    <subfield code="b">BNPHU</subfield>
    <subfield code="c">CT</subfield>
    <subfield code="d">2021-03-26</subfield>
    <subfield code="e">Dep&#xF3;sito Legal</subfield>
    <subfield code="o">BNPHU PD 572.39 M863c</subfield>
    <subfield code="p">2021-1429</subfield>
    <subfield code="r">2021-04-15</subfield>
    <subfield code="t">e.2</subfield>
    <subfield code="w">2021-04-15</subfield>
    <subfield code="y">LBS1</subfield>
  </datafield>
  <datafield tag="952" ind1=" " ind2=" ">
    <subfield code="0">0</subfield>
    <subfield code="1">0</subfield>
    <subfield code="2">ddc</subfield>
    <subfield code="5">6</subfield>
    <subfield code="7">0</subfield>
    <subfield code="8">DS</subfield>
    <subfield code="a">BNPHU</subfield>
    <subfield code="b">BNPHU</subfield>
    <subfield code="c">CT</subfield>
    <subfield code="d">2021-03-26</subfield>
    <subfield code="e">Dep&#xF3;sito Legal</subfield>
    <subfield code="o">BNPHU DS 572.39 M863c</subfield>
    <subfield code="p">2021-1430</subfield>
    <subfield code="r">2021-04-15</subfield>
    <subfield code="t">e.3</subfield>
    <subfield code="w">2021-04-15</subfield>
    <subfield code="y">LBS1</subfield>
  </datafield>
  <datafield tag="952" ind1=" " ind2=" ">
    <subfield code="0">0</subfield>
    <subfield code="1">0</subfield>
    <subfield code="2">ddc</subfield>
    <subfield code="5">6</subfield>
    <subfield code="7">0</subfield>
    <subfield code="8">DS</subfield>
    <subfield code="a">BNPHU</subfield>
    <subfield code="b">BNPHU</subfield>
    <subfield code="c">CT</subfield>
    <subfield code="d">2023-01-12</subfield>
    <subfield code="l">0</subfield>
    <subfield code="o">BNPHU DS 572.39 M863c</subfield>
    <subfield code="p">2023-0084</subfield>
    <subfield code="r">2023-01-12</subfield>
    <subfield code="t">e.4</subfield>
    <subfield code="w">2023-01-12</subfield>
    <subfield code="y">LBS1</subfield>
  </datafield>
  <datafield tag="952" ind1=" " ind2=" ">
    <subfield code="0">0</subfield>
    <subfield code="1">0</subfield>
    <subfield code="2">ddc</subfield>
    <subfield code="5">6</subfield>
    <subfield code="7">0</subfield>
    <subfield code="8">DS</subfield>
    <subfield code="a">BNPHU</subfield>
    <subfield code="b">BNPHU</subfield>
    <subfield code="c">CT</subfield>
    <subfield code="d">2023-01-12</subfield>
    <subfield code="l">0</subfield>
    <subfield code="o">BNPHU DS 572.39 M863c</subfield>
    <subfield code="p">2023-0085</subfield>
    <subfield code="r">2023-01-12</subfield>
    <subfield code="t">e.5</subfield>
    <subfield code="w">2023-01-12</subfield>
    <subfield code="y">LBS1</subfield>
  </datafield>
  <datafield tag="999" ind1=" " ind2=" ">
    <subfield code="c">49736</subfield>
    <subfield code="d">49736</subfield>
  </datafield>
</record>
